Регионална библиотека "Любен Каравелов" - Русе

The MacGraw-Hill book of fiction (Запис номер 42093)

MARC детайли
000 -Лидер
Контролно поле с фиксирана дължина 00882nam a2200265 c 4500
003 - Код на организацията, давaща контролен номер
Контролно поле BLK
005 - Дата и час на последна редакция
Контролно поле 20180822175200.0
008 - Елементи от данни с фиксирана дължина
fixed length control field 180408b bul|||||r ||||||| ||bul||
010 ## - Наследен системен номер
LC control number KNG00045746000
020 ## - Международен стандартен номер на книга ISBN
Международен стандартен номер на книга ISBN 0-07-016949-7
-- издат.: MacGraw-Hill
040 ## - Източник на каталожния запис
Идентификатор на билиотеката - собственик на записа BLK
041 ## - Код за език
Код за езика на текст/звукозапис или на отделно заглавие
Код за езика КДБФ Английски
080 ## - УДК
Текстов определител УДК Английска литература
УДК код - определител по УДК 821.111
УДК определител -32
УДК - код + определител 821.111-32
080 ## - УДК
Текстов определител УДК Американска литература (на САЩ)
УДК код - определител по УДК 821.111(73)
УДК определител -32
УДК - код + определител 821.111(73)-32
139 ## - Редно поле
Редна дума DIYANNI, Robert et al.
Авторски знак
245 10 - Сведения за заглавието
Заглавие The MacGraw-Hill book of fiction
Редно поле (дума) съавт. Kraft Rompf.
260 ## - Област на издателските данни
-- New York et al.
Име на издателя, разпространителя и проч. MacGraw-Hill
Година на издаване 1995
300 ## - Физическа характеристика
Страници XVI, 1236 с., 8 л
Илюстрации и др. ил.
Размери/Мащаб 23 см
700 1# - Други автори (авторска отговорност)
Лично име Rompf, Kraft
Автороска отговорност (Описва отношението между автора и произведението) съавт.
9 (RLIN) 22693
852 ## - Местоположение
Форматна сигнатура Цб 189691
856 4# - Електронен адрес и достъп
Електронен формат pdf - файл
Път до файла /url/
856 4# - Електронен адрес и достъп
Електронен формат pdf - файл
Път до файла /url/
942 ## - АРТИКУЛИ
Вид на библиотечния материал Книги
Скрит в OPAC Не
Koha issues (borrowed), all copies 2
944 ## - СЪЗДАВАНЕ И РЕДАКЦИЯ на ЗАПИСА
Създаване/Редакция Създаване
Дата на регистрацията/редакция 01.01.1999
Служител, извършил регистрацията/редакцията AB_DOS
944 ## - СЪЗДАВАНЕ И РЕДАКЦИЯ на ЗАПИСА
Създаване/Редакция Редакция
Дата на регистрацията/редакция 15.01.2003
Служител, извършил регистрацията/редакцията
999 ## - СИСТЕМНИ КОНТРОЛНИ НОМЕРА
Koha biblionumber 42093
Koha biblioitemnumber 42093
Наличности
Код за отписване Код за изгубен артикул Източник на класификационната схема Код за повреда Коз за рестрикции Код за отдаване Артикулен № Име на библиотеката - собственик Име на библиотеката, в която се намира в момента Статус (Текущо местоположение) Дата на вписване в системата Местоположение - отдел Цена в лева Инвентарен номер Систематично азбучна сигнатура Баркод Номер на екземпляра Цена в евро Служебна бележка Служебен тип на артикула
  Не е изгубен Universal Decimal Classification Не е повреден без рестрикции заемане за дома 65853 Регионална библиотека "Любен Каравелов" Русе Регионална библиотека "Любен Каравелов" Русе ЧЧЗО - англ. ез. - Британски съвет 2001-01-01 ЧЧЗО - англ. ез. - Британски съвет 0.00 663033 Ч3 820-32/D65R 663033 1 0.00 Дата инв: 20.03.2015 Бележки инв: Ч32015 Книги
Vip Innovations Ltd, Rousse, Bulgaria 2025